[Event "IECC O email"]
[Site "IECC email"]
[Date "2002.05.01"]
[Round "?"]
[White "Parrish, Houston"]
[Black "Carlino, Esteban Ezequiel"]
[Result "0-1"]
[WhiteElo "1587"]
[BlackElo "1627"]
[PlyCount "44"]
[EventDate "2002.??.??"]
[EventType "tourn (corr)"]
[EventRounds "6"]
[SourceTitle "Corr 2008"]
[Source "ChessBase"]
[SourceDate "2008.06.24"]
[SourceVersion "1"]
[SourceVersionDate "2008.06.24"]
[SourceQuality "1"]

1. e4 e5 2. Nf3 Nc6 3. Bb5 Nf6 4. 0-0 Nxe4 5. d4 Nd6 6. Bxc6 dxc6 7. Nxe5 Be6 8. Nc3 Be7 9. Bf4 Nf5 10. Ne2 f6 11. Nf3 Qd7 12. Ng3 g5 13. Nxf5 Bxf5 14. Be3 0-0-0 15. c3 Bg4 16. Re1 h5 17. h3 Bxf3 18. Qxf3 g4 19. hxg4 hxg4 20. Qg3 Bd6 21. Bf4 Qh7 22. Qxg4+ f5 0-1